| 000 | 00000nam##2200000za#4500 |
| 001 | 9.663362 |
| 003 | CaOODSP |
| 005 | 20210615121013 |
| 007 | ta |
| 008 | 150407|2001||||xxc||||| f|0| 0 fre|d |
| 020 | |a0-662-66216-4 |
| 040 | |aCaOODSP|bfre |
| 041 | |aeng |
| 041 | |afre |
| 043 | |an-cn--- |
| 086 | 1 |aCP32-75/2001 |
| 110 | 1 |aCanada.|bConseil privé. |
| 245 | 10|aAccord entre le gouvernement du Canada et le secteur bénévole et communautaire |
| 260 | |aOttawa - Ontario : |bConseil privé |c2001. |
| 300 | |aTexte français, v, 16p. ; |c22 cm. |
| 500 | |aDonnées de catalogage avant publication (Canada) imprimées dans cette publication. |
| 546 | |aBilingue |
| 563 | |aCouverture souple |
| 590 | |a01-51|b2001-12-28 |
| 691 | 07|aOrganisme de bienfaisance|2gcpds |
| 691 | 07|aBénévolat|2gcpds |
| 691 | 07|aOrganisme à but non lucratif|2gcpds |
| 776 | 0#|tAccord entre le gouvernement du Canada et le secteur bénévole et communautaire |w(CaOODSP)9.639897 |
| 776 | 0#|tAn accord between the Government of Canada and the voluntary sector |w(CaOODSP)9.695775 |
| 791 | |tAn accord between the Government of Canada and the voluntary sector |eeng|w(CaOODSP)9.663361 |